000 00621nam a22001937a 4500
999 _c3999
_d234503
080 _a347.955 C 614
100 _aCondorelli, Epifanio J.
245 _aEl Recurso de Queja
_bpor denegatoia del Extraordinario ante la Corte Suprema de la Naciòn y Suprema Corte de la Provincia de Buenos Aires
260 _aLa Plata
_bLIbrerìa Editora Platense
_c1979
300 _a176 P.
650 _xderecho procesal civil
650 _xrecurso de queja
650 _xrecurso extraordinario
650 _xdeposito
650 _xiura novit curia
650 _xsentencias definitivas
942 _6_
945 _acd
_d2015-06-08